|
|
|
|
| LEADER |
00000nam0a2200000 4500 |
| 001 |
364957 |
| 005 |
20231102011735.0 |
| 035 |
|
|
|a (RuTPU)RU\TPU\retro\22320
|
| 090 |
|
|
|a 364957
|
| 100 |
|
|
|a 20211206d1981 m y0rusy50 ca
|
| 101 |
0 |
|
|a rus
|
| 102 |
|
|
|a RU
|
| 105 |
|
|
|a a j 001zy
|
| 200 |
1 |
|
|a Испытания жидкостных ракетных двигателей
|e учебное пособие для вузов
|f под ред. В. Я. Левина
|
| 210 |
|
|
|a Москва
|c Машиностроение
|d 1981
|
| 215 |
|
|
|a 200 с.
|c ил.
|
| 320 |
|
|
|a Библиогр.: с. 194-195
|
| 320 |
|
|
|a Предм. указ.: с.196-197
|
| 606 |
1 |
|
|a Ракетные двигатели, жидкостные
|x Испытание
|x Математическое моделирование
|2 stltpush
|3 (RuTPU)RU\TPU\subj\23711
|9 48251
|
| 610 |
1 |
|
|a учебные пособия
|
| 610 |
1 |
|
|a метрология
|
| 610 |
1 |
|
|a экспериментальные исследования
|
| 610 |
1 |
|
|a испытательные комплексы
|
| 610 |
1 |
|
|a моделирование
|
| 675 |
|
|
|a 621.454.2(075.8)
|v 4
|
| 702 |
|
1 |
|a Левин
|b В. Я.
|4 340
|
| 801 |
|
1 |
|a RU
|b 63413507
|c 20211206
|
| 942 |
|
|
|c BK
|